ENVIRONMENTAL ENGINEERING (Record no. 5483)

MARC details
000 -LEADER
fixed length control field 00359nam a22001457a 4500
005 - DATE AND TIME OF LATEST TRANSACTION
control field 20170621093230.0
008 - FIXED-LENGTH DATA ELEMENTS--GENERAL INFORMATION
fixed length control field 170621b xxu||||| |||| 00| 0 eng d
020 ## - INTERNATIONAL STANDARD BOOK NUMBER
ISBN 978-0-07-049463-3
041 ## - LANGUAGE CODE
Language code of text/sound track or separate title eng
100 ## - MAIN ENTRY--AUTHOR NAME
Personal name BASAK, N.N
245 ## - TITLE STATEMENT
Title ENVIRONMENTAL ENGINEERING
260 ## - PUBLICATION, DISTRIBUTION, ETC. (IMPRINT)
Place of publication NEW DELHI
Name of publisher Mc GRAW HILL EDUCATION
Year of publication 2003
300 ## - PHYSICAL DESCRIPTION
Number of Pages 295
942 ## - ADDED ENTRY ELEMENTS (KOHA)
Koha item type Books
Holdings
Lost status Damaged status Collection code Home library Current library Shelving location Date acquired Source of acquisition Cost, normal purchase price Full call number Accession Number Koha item type
    Reference JRU Library   SHELF-28-E 21/06/2017 PURCHESS 395.00 628 21826 Books
    MANAGEMENT JRU Library JRU Library SHELF-50-E 21/06/2017 PURCHESS 395.00 628 21827 Books
      JRU Library   SHELF-6-D 25/10/2017 PURCHESS 415.00 628 22177 Books
    MANAGEMENT JRU Library JRU Library SHELF-50-E 25/10/2017 PURCHESS 415.00 628 22178 Books
    Reference JRU Library   SHELF -72- F 25/10/2017 PURCHESS 415.00 628 22179 Books
    MANAGEMENT JRU Library JRU Library SHELF-50-E 25/10/2017 PURCHESS 415.00 628 22180 Books
    MANAGEMENT JRU Library JRU Library SHELF-50-E 25/10/2017 PURCHESS 415.00 628 22181 Books
    MANAGEMENT JRU Library JRU Library SHELF-50-E 25/10/2017 PURCHESS 415.00 628 22212 Books